000
00272nam a22001217a 4500
020
_a
NA
082
_2
22
_a
658.5
100
_a
Nunnally S.W.
245
_a
Managing Construction equipment /
260
_a
MGH
_b
MGH,
_c
c1977
300
_a
281 p, ;
_b
NA
_c
24cm.
942
_2
ddc
_c
GEN
999
_c
2114
_d
2114